<?xml version="1.0" encoding="UTF-8"?>
<collection xmlns="http://www.loc.gov/MARC21/slim">
 <record>
  <leader>01516nam a2200253 a 4500</leader>
  <controlfield tag="001">1/51846</controlfield>
  <controlfield tag="008">210326s2020####gr       b    001 | gre d</controlfield>
  <datafield tag="020" ind1=" " ind2=" ">
   <subfield code="a">9789925576524</subfield>
  </datafield>
  <datafield tag="040" ind1=" " ind2=" ">
   <subfield code="a">GR-PeUP</subfield>
  </datafield>
  <datafield tag="082" ind1="0" ind2="0">
   <subfield code="a">658.872 ΗΛE</subfield>
  </datafield>
  <datafield tag="245" ind1="1" ind2="0">
   <subfield code="a">Ηλεκτρονικό εμπόριο: </subfield>
   <subfield code="b">εργαλείο διοίκησης και αξιοποίησης κοινωνικών δικτύων /</subfield>
   <subfield code="c">Efraim Turban...[κ.ά.] ; Γενική επιμέλεια -πρόλογος Νικόλαος Γ. Πρωτόγερος ; Επιμέρους επιμέλεια ενοτήτων Νίκος Ι. Καρακαπιλίδης, Σταύρος Τ. Πόνης, Εμμανουήλ Μ. Τζαγκαράκης.</subfield>
  </datafield>
  <datafield tag="260" ind1=" " ind2=" ">
   <subfield code="a">Nicosia, Cyprus : </subfield>
   <subfield code="b">Broken Hill, </subfield>
   <subfield code="c">2020.</subfield>
  </datafield>
  <datafield tag="300" ind1=" " ind2=" ">
   <subfield code="a">887 σ. : </subfield>
   <subfield code="b">εικ., </subfield>
   <subfield code="c">30 εκ.</subfield>
  </datafield>
  <datafield tag="500" ind1=" " ind2=" ">
   <subfield code="a">Τίτλος πρωτοτύπου: Electronic commerce 2018: a managerial and social networks perspective, 9th edition.</subfield>
  </datafield>
  <datafield tag="504" ind1=" " ind2=" ">
   <subfield code="a">Περιέχει βιβλιογραφία και ευρετήριο.</subfield>
  </datafield>
  <datafield tag="650" ind1=" " ind2="4">
   <subfield code="a">Ηλεκτρονικό εμπόριο.</subfield>
  </datafield>
  <datafield tag="650" ind1=" " ind2="0">
   <subfield code="a">Electronic commerce.</subfield>
  </datafield>
  <datafield tag="700" ind1="1" ind2=" ">
   <subfield code="a">Turban, Efraim.</subfield>
  </datafield>
  <datafield tag="700" ind1="1" ind2=" ">
   <subfield code="a">Πρωτόγερος, Νικόλαος.</subfield>
  </datafield>
  <datafield tag="700" ind1="1" ind2=" ">
   <subfield code="a">Καραπιλίδης, Νίκος Ι.</subfield>
  </datafield>
  <datafield tag="700" ind1="1" ind2=" ">
   <subfield code="a">Πόνης, Σταύρος Τ., </subfield>
   <subfield code="d">1970-</subfield>
  </datafield>
  <datafield tag="700" ind1="1" ind2=" ">
   <subfield code="a">Τζαγκαράκης, Εμμανουήλ Μ.</subfield>
  </datafield>
  <datafield tag="852" ind1=" " ind2=" ">
   <subfield code="a">INST</subfield>
   <subfield code="b">UNIPILB</subfield>
   <subfield code="c">MAIN</subfield>
   <subfield code="e">20210326</subfield>
   <subfield code="h">658.872 ΗΛE</subfield>
   <subfield code="p">00184957</subfield>
   <subfield code="q">00184957</subfield>
   <subfield code="t">LOAN</subfield>
   <subfield code="y">0</subfield>
   <subfield code="4">1</subfield>
  </datafield>
  <datafield tag="852" ind1=" " ind2=" ">
   <subfield code="a">INST</subfield>
   <subfield code="b">UNIPILB</subfield>
   <subfield code="c">MAIN</subfield>
   <subfield code="e">20210326</subfield>
   <subfield code="h">658.872 ΗΛE</subfield>
   <subfield code="p">00184958</subfield>
   <subfield code="q">00184958</subfield>
   <subfield code="t">LOAN</subfield>
   <subfield code="y">0</subfield>
   <subfield code="4">2</subfield>
  </datafield>
 </record>
</collection>
